Formule 1 2024 - Pilotes, écuries et pays - Statistiques

Statistiques générales
  • Ce quiz a été pris 55 fois
  • Le résultat moyen est 35 sur 58
Statistiques - réponses
Réponse % Correct
Ferrari
97%
Lewis Hamilton
97%
Max Verstappen
97%
Charles Leclerc
90%
McLaren
90%
Red Bull
90%
Alpine
87%
Lando Norris
87%
Mercedes
87%
Oscar Piastri
87%
Pierre Gasly
87%
Carlos Sainz
84%
Esteban Ocon
84%
Haas
84%
Williams
77%
Aston Martin
74%
George Russell
74%
Monaco - Monaco
74%
Belgique - Spa-Francorchamps
71%
Alexander Albon
68%
Australie - Melbourne
68%
Italie - Monza
68%
Kick Sauber
68%
Grande-Bretagne - Silverstone
65%
Nico Hülkenberg
65%
Chine - Shanghai
61%
Espagne - Barcelone
61%
États Unis - Austin
61%
Fernando Alonso
61%
Japon - Suzuka
61%
Racing Bulls
61%
Sergio Pérez
61%
Brésil - Interlagos
55%
Lance Stroll
55%
Mexique - Mexico City
55%
Pays-Bas - Zandvoort
55%
Qatar - Lusail
55%
Yuki Tsunoda
55%
Arabie Saoudite - Djeddah
52%
Azerbaïdjan - Bakou
52%
Canada - Montréal
52%
États Unis - Las Vegas
52%
Singapour - Singapour
52%
Valtteri Bottas
48%
États Unis - Miami
45%
Bahreïn - Sakhir
42%
Liam Lawson
42%
Autriche - Spielberg
39%
Kevin Magnussen
35%
Daniel Ricciardo
32%
Franco Colapinto
32%
Guanyu Zhou
32%
Émirats Arabes Unis - Abou Dabi
29%
Italie - Imola
29%
Logan Sargeant
29%
Oliver Bearman
29%
Jack Doohan
26%
Hongrie - Budapest
10%
Aucun quiz correspondant
Distribution des résultats
% des personnes avec chaque résultat
Percentile par nombre de réponses
Votre historique - résultats
Vous n’avez pas pris ce quiz